Fr. Conceicao Rodrigues College of Engineering

Embedded systems (Record no. 22766)

MARC details
000 -LEADER
fixed length control field 00402nam a2200193Ia 4500
020 ## - INTERNATIONAL STANDARD BOOK NUMBER
International Standard Book Number 9.78813E+12
082 ## - DEWEY DECIMAL CLASSIFICATION NUMBER
Classification number 003.3/PEC
Item number 22242
100 ## - MAIN ENTRY--PERSONAL NAME
Personal name Peckol /James K.
250 ## - EDITION STATEMENT
Edition statement Wiley India
245 ## - TITLE STATEMENT
Title Embedded systems
260 ## - PUBLICATION, DISTRIBUTION, ETC.
Name of publisher, distributor, etc. Wiley
Date of publication, distribution, etc. 2012
366 ## - TRADE AVAILABILITY INFORMATION
Publishers's discount category 25
300 ## - PHYSICAL DESCRIPTION
Extent 810
546 ## - LANGUAGE NOTE
Language note ENGLISH
-- TTL
650 ## - SUBJECT ADDED ENTRY--TOPICAL TERM
Topical term or geographic name entry element Embedded systems
654 ## - SUBJECT ADDED ENTRY--FACETED TOPICAL TERMS
Focus term embedded
942 ## - ADDED ENTRY ELEMENTS (KOHA)
Koha item type Reference Book
Holdings
Withdrawn status Lost status Damaged status Not for loan Collection Home library Current library Date acquired Source of acquisition Inventory number Total Checkouts Full call number Barcode Date last seen Cost, replacement price Price effective from Koha item type
        CRC Fr. Agnel's C.Rodrigues College of Engineering Fr. Agnel's C.Rodrigues College of Engineering 17/03/2023 Bookworld 1841   003.3/PEC 22242 22242 17/03/2023 499.00   Reference Book